إشكاليات الوحدة : (Record no. 16657)
[ view plain ]
| 000 -الفاتح | |
|---|---|
| حقل البيانات ثابتة الطول | 01191nam a22002777i 4500 |
| 003 - محدد رقم الضبط | |
| رقم الضبط | EG-ScBUE |
| 005 - وقت وتاريخ اخر تعامل مع التسجيلة | |
| رقم الضبط | 20240121095759.0 |
| 008 - عناصر البيانات ثابتة الطول - معلومات عامة | |
| حقل البيانات ثابتة الطول | 120418s2002 ua f b 000 0 ara d |
| 017 ## - رقم الإيداع القانونى | |
| رقم الإيداع القانونى | 2002 / 10012 |
| 020 ## - الرقم الدولى المعيارى للكتب | |
| الرقم الدولى المعيارى للكتاب | 9772391880 |
| 040 ## - مصدر الفهرسة | |
| وكالة الفهرسة الأصلية | EG-ScBUE |
| لغة الفهرسة | ara |
| قواعد الوصف | rda |
| وكالة النسخ | EG-ScBUE |
| وكالة التعديل | EG-ScBUE |
| 082 04 - رقم تصنيف ديوى العشرى | |
| رقم التصنيف | 962.053 |
| رقم المادة | ف ر س |
| رقم الطبعة | 22 |
| 100 1# - المدخل الرئيسى - إسم شخصى | |
| 9 (RLIN) | 29650 |
| الإسم الشخصى | فرسخ، عوني، |
| الدور | مؤلف. |
| 245 10 - بيان العنوان | |
| العنوان | إشكاليات الوحدة : |
| بقية العنوان | الجمهورية العربية المتحدة من الفكرة إلى الدولة / |
| بيان المسئوليه,etc | تأليف عوني فرسخ. |
| 250 ## - بيان الطبعة | |
| بيان الطبعة | الطبعة الأولى. |
| 264 #1 - النشر، التوزيع | |
| مكان الناشر او الموزع | القاهرة : |
| اسم الناشر او الموزع | دار المستقبل العربي، |
| تاريخ النشر أو التوزيع | 2002. |
| 300 ## - الوصف المادى | |
| التعداد | 463 صفحة ؛ |
| أبعاد الوعاء | 22 سم |
| 336 ## - نوع المحتوى | |
| source | rdacontent |
| Carrier Type Term | نص |
| Content Type Code | txt |
| 337 ## - نوع الوسيط | |
| Media Type Term | بدون وسيط |
| source | rdamedia |
| Media Type Code | n |
| 338 ## - نوع الحامل أو الناقل | |
| Carrier Type Term | مجلد |
| Carrier Type Code | nc |
| source | rdacarrier |
| 504 ## - تبصرة ببليوجرافية | |
| تبصرة ببليوجرافية,الخ | يشتمل على إرجاعات ببليوجرافية. |
| 651 #7 - المدخل الاضافى بالموضوع - اسم جغرافى | |
| الاسم الجغرافي | مصر |
| التقسيم الفرعي العام | تاريخ |
| التقسيم الفرعي الزمني | العصر الحديث |
| -- | الوحدة مع سوريا (1958-1961 م.). |
| مصدر الرأس أو المصطلح | BUEsh |
| 651 #7 - المدخل الاضافى بالموضوع - اسم جغرافى | |
| الاسم الجغرافي | سوريا |
| التقسيم الفرعي العام | تاريخ |
| التقسيم الفرعي الزمني | العصر الحديث |
| -- | الوحدة مع مصر (1958-1961). |
| مصدر الرأس أو المصطلح | BUEsh |
| 655 ## - مصطلح تكشيفى-نوع/شكل | |
| التقسيم الفرعي الشكلي | Reading book |
| 942 ## - عناصر المدخل الإضافي( كوها) | |
| مصدر التصنيف او مخطط الترفيف | Dewey Decimal Classification |
| Koha [default] item type | Book - Borrowing |
| حالة التراجع | حالة الفقد | مصدر التصنيف او خطة الترفيف | حالة تلف | ليس للاعارة | مجموعات كوها | المكان الدائم | المكان الحالي | موقع الترفيف | تاريخ الاكتساب | Source of acquisition | رقم الاستدعاء | الباركود | Date last seen | نوع الوعاء |
|---|---|---|---|---|---|---|---|---|---|---|---|---|---|---|
| Dewey Decimal Classification | Alef-Baa | Central Library | Central Library | Second Floor | 18/04/2012 | Purchase | 962.053 ف ر س | 000026599 | 15/07/2025 | Book - Borrowing |